Lectures on the epistle of Paul the apostle to the Galatians with a new translation. (Record no. 5793)

000 -LEADER
fixed length control field 00634nam a2200181 a 4500
001 - CONTROL NUMBER
control field :::00003535$&:&@@
003 - CONTROL NUMBER IDENTIFIER
control field OkBaRHE
005 - DATE AND TIME OF LATEST TRANSACTION
control field 20000607103307.0
008 - FIXED-LENGTH DATA ELEMENTS--GENERAL INFORMATION
fixed length control field s1973 j 000 0 eng u
040 ## - CATALOGING SOURCE
Transcribing agency
100 1# - MAIN ENTRY--PERSONAL NAME
Personal name Kelly, William.
245 10 - TITLE STATEMENT
Title Lectures on the epistle of Paul the apostle to the Galatians with a new translation.
260 ## - PUBLICATION, DISTRIBUTION, ETC. (IMPRINT)
Place of publication, distribution, etc Neptune, NJ., :
Name of publisher, distributor, etc Loizeaux Brother, Inc.
Date of publication, distribution, etc 1973
300 ## - PHYSICAL DESCRIPTION
Extent 198 p. ;
Dimensions 19cm.
650 ## - SUBJECT ADDED ENTRY--TOPICAL TERM
Topical term or geographic name as entry element Bible New Testament Galatians
General subdivision Addresses, Essays, Lectures
942 ## - ADDED ENTRY ELEMENTS (KOHA)
Source of classification or shelving scheme
Koha item type Books
Copies
Date acquired Date last seen Withdrawn status Damaged status Full call number Shelving location Lost status Not for loan Price effective from Koha item type Permanent Location Source of classification or shelving scheme Barcode Copy number
2010-04-142018-04-03  BS 2685 .K377General Stacks  2010-04-14BooksRHEMA Bible Training College 35351